Kabale University Library Catalogue

Normal view MARC view
  • Jarvis, Martin

Entry Personal Name

Number of records used in: 1

001 - CONTROL NUMBER

  • control field: 14880

003 - CONTROL NUMBER IDENTIFIER

  • control field: OSt

005 - DATE AND TIME OF LATEST TRANSACTION

  • control field: 20260129114116.0

008 - FIXED-LENGTH DATA ELEMENTS

  • fixed length control field: 260129|| aca||aabn | a|a d

040 ## - CATALOGING SOURCE

  • Original cataloging agency: OSt
  • Transcribing agency: OSt

100 ## - HEADING--PERSONAL NAME

  • Personal name: Jarvis, Martin

670 ## - SOURCE DATA FOUND

  • Source citation: Work cat.: (OSt)5897: Shaw, Bernard, 1856-1950. 14876, The doctor's dilemma, c 1957

Kabale University Library | Kabale University P.O Box 317, Kabale, Uganda
Tel : +256754017033, +256774661503 E-mail : library@kab.ac.ug